| 000 | 00971nam a2200277Ia 4500 | ||
|---|---|---|---|
| 003 | OSt | ||
| 005 | 20220923222118.0 | ||
| 006 | a|||||r|||| 00| 0 | ||
| 007 | ta | ||
| 008 | 220922b |||||||| |||| 00| 0 ben d | ||
| 020 | _c20 | ||
| 024 | _a203,066 | ||
| 037 | _cTextual | ||
| 040 |
_aARTS _cARTS _bben |
||
| 041 |
_2ben _aben |
||
| 082 | _aO157,2N25,2, 152L7 | ||
| 100 |
_aसरकार, बादल; अग्रवाल, प्रतिभा, अनु. _9165952 |
||
| 245 | 0 | _aबडी बूआजी | |
| 246 | _aBaḍī būājī | ||
| 260 |
_aदिल्ली _b राजकमल प्रका0 _c1977 |
||
| 300 |
_a91पृ0 _ccm. |
||
| 650 | _aबंगाली कहानी | ||
| 700 | _aअग्रवाल, प्रतिभा, अनु. | ||
| 942 |
_hO157,2N25,2, 152L7 _cTEXL _2CC |
||
| 999 |
_c353847 _d353847 |
||